ARRUPE JESUIT UNIVERSITY

CORONAVIRUS -STOP THE SPREAD - CLEAN,DISINFECT,COVER

Cosmology : (Record no. 119277)

MARC details
000 -LEADER
fixed length control field 01312cam a2200337 a 4500
001 - CONTROL NUMBER
control field 12649945
003 - CONTROL NUMBER IDENTIFIER
control field ARRUPE
005 - DATE AND TIME OF LATEST TRANSACTION
control field 20141021020008.0
008 - FIXED-LENGTH DATA ELEMENTS--GENERAL INFORMATION
fixed length control field 020118s2001 enka b 001 0 eng d
010 ## - LIBRARY OF CONGRESS CONTROL NUMBER
LC control number 2002265365
015 ## - NATIONAL BIBLIOGRAPHY NUMBER
National bibliography number GBA1-X7146
020 ## - INTERNATIONAL STANDARD BOOK NUMBER
International Standard Book Number 019285416X
035 ## - SYSTEM CONTROL NUMBER
System control number (OCoLC)ocm46984946
040 ## - CATALOGING SOURCE
Original cataloging agency UKM
Transcribing agency UKM
Modifying agency CDS
-- DLC
042 ## - AUTHENTICATION CODE
Authentication code lccopycat
050 00 - LIBRARY OF CONGRESS CALL NUMBER
Classification number QB981
Item number .C644 2001
082 00 - DEWEY DECIMAL CLASSIFICATION NUMBER
Classification number 523.1
Edition number 21
300 ## - PHYSICAL DESCRIPTION
Other physical details ill. ;
Dimensions 18 cm.
100 1# - MAIN ENTRY--PERSONAL NAME
Personal name Coles, Peter,
Dates associated with a name 1963-
9 (RLIN) 5749
245 10 - TITLE STATEMENT
Title Cosmology :
Remainder of title a very short introduction /
Statement of responsibility, etc Peter Coles.
260 ## - PUBLICATION, DISTRIBUTION, ETC. (IMPRINT)
Place of publication, distribution, etc Oxford ;
-- New York :
Name of publisher, distributor, etc Oxford University Press,
Date of publication, distribution, etc 2001.
300 ## - PHYSICAL DESCRIPTION
Extent 139 p. :
440 #0 - SERIES STATEMENT/ADDED ENTRY--TITLE
Title Very short introductions ;
Volume number/sequential designation 51
9 (RLIN) 5750
504 ## - BIBLIOGRAPHY, ETC. NOTE
Bibliography, etc Includes bibliographical references (p. 131-133) and index.
650 #0 - SUBJECT ADDED ENTRY--TOPICAL TERM
Topical term or geographic name as entry element Cosmology.
9 (RLIN) 5751
856 42 - ELECTRONIC LOCATION AND ACCESS
Materials specified Publisher description
Uniform Resource Identifier <a href="http://www.loc.gov/catdir/enhancements/fy0613/2002265365-d.html">http://www.loc.gov/catdir/enhancements/fy0613/2002265365-d.html</a>
856 41 - ELECTRONIC LOCATION AND ACCESS
Materials specified Table of contents only
Uniform Resource Identifier <a href="http://www.loc.gov/catdir/enhancements/fy0613/2002265365-t.html">http://www.loc.gov/catdir/enhancements/fy0613/2002265365-t.html</a>
856 42 - ELECTRONIC LOCATION AND ACCESS
Materials specified Contributor biographical information
Uniform Resource Identifier <a href="http://www.loc.gov/catdir/enhancements/fy0726/2002265365-b.html">http://www.loc.gov/catdir/enhancements/fy0726/2002265365-b.html</a>
906 ## - LOCAL DATA ELEMENT F, LDF (RLIN)
a 7
b cbc
c copycat
d 2
e ncip
f 20
g y-gencatlg
942 ## - ADDED ENTRY ELEMENTS (KOHA)
Source of classification or shelving scheme Library of Congress Classification
Koha item type Monograph ( Printed materials)
Koha issues (borrowed), all copies 4
Holdings
Withdrawn status Lost status Source of classification or shelving scheme Damaged status Not for loan Home library Current library Shelving location Date acquired Total Checkouts Full call number Barcode Date last seen Date checked out Price effective from Koha item type
    Library of Congress Classification     ARRUPE LIBRARY ARRUPE LIBRARY Main Collection 16/12/2013 4 QB981 .C644 2001 464122613 02/07/2019 20/10/2014 16/12/2013 Monograph ( Printed materials)

 

Arrupe Library. PO Box MP320 Mt Pleasant, Harare, Zimbabwe
263 242 745411|librarian@aju.ac.zw